[Event "Caplin British Online-ch Open 2020"]
[Site "Online"]
[Date "2020.12.30"]
[Round "7.3"]
[White "Toczek, Grzegorz"]
[Black "Wadsworth, Matthew J"]
[Result "0-1"]
[WhiteElo "2271"]
[BlackElo "2416"]
[Annotator "TA"]
[PlyCount "104"]
[EventDate "2020.12.21"]
[EventType "swiss"]
[EventCountry "NET"]
[SourceTitle "playchess.com"]
[Source "ChessBase"]
[SourceQuality "1"]

{[%evp 15,104,25,37,13,29,22,33,19,20,4,14,29,11,-8,0,-3,28,2,27,-98,-110,-140,-126,-85,-103,-123,-111,-148,0,0,0,0,0,0,0,-35,10,0,0,0,0,0,0,-139,-137,-420,-393,-633,-614,-565,-227,-226,-226,-219,-212,-212,-141,-204,-197,-226,-222,-525,-525,-525,-515,-558,-551,-558,-443,-443,-441,-495,-316,-308,-294,-482,-350,-8383,-6499,-29973,-29974,-29979,-29974,-29978,-29979,-29976,-29969,-29989,-29989,-29989,-29989]} 1. d4 d5 2. c4 c6 3. cxd5 cxd5 4. Nc3 Nf6 5. Bf4 Nc6 6. e3 a6 7. Bd3 e6 8. Nf3 Bd6 {8...Bd6 scores better than 8...Be7.} 9. Bxd6 {D13: Slav Defence: Exchange variation without ...Bf5.} Qxd6 10. O-O b5 11. e4 {White is slightly better.} dxe4 12. Nxe4 Nxe4 13. Bxe4 {Hoping for Rc1.} Bb7 {[#]} 14. Qe2 $146 ({Predecessor:} 14. Rc1 O-O 15. Rc3 h6 16. Ne5 Rac8 17. Rg3 Nxe5 18. Bxb7 Rcd8 19. h4 Kh8 20. h5 {0-1 (31) Pandey,S (1963)-Li,Y (2289) New Delhi 2019}) 14... O-O 15. Rfd1 Na5 16. Rac1 Rad8 17. Rc5 (17. Rc3 $11 {keeps the balance.}) 17... Bxe4 $17 18. Qxe4 {[#] Strongly threatening Ng5.} Qxc5 {[%mdl 512]} 19. dxc5 Rxd1+ 20. Ne1 Rfd8 21. g3 {[#]} Nc4 (21... R8d5 $1 $17 22. Kg2 R1d4) 22. Kg2 $1 $11 R1d5 23. b4 a5 24. bxa5 Rxc5 25. Nd3 (25. Qb7 {feels hotter.} Rdc8 26. Nd3 R5c7 27. Qxb5 Ra8 28. a6) 25... Nd6 26. Qh4 (26. Qe2 {seems wilder.} Rc4 27. Qe3 Rcc8 28. a6 Nf5 29. Qe2) 26... Rcc8 27. a6 Nf5 28. Qe4 Rd4 $36 {[%mdl 2048] Black fights for an advantage.} 29. Qb7 (29. Qf3 $1 $11) 29... Nd6 $17 30. Qd7 {[%mdl 8192] Loses the game.} (30. Qf3 $17 Ra4 {[%mdl 64] Double Attack} 31. Qd1) 30... Rxd3 $19 31. a4 $2 (31. g4) 31... bxa4 32. a7 {[#] White wants to play Qxc8+!} Rdc3 33. Qxd6 {[%mdl 4096] Endgame [#] Black must now prevent Qb8. KQ-KRR} Ra8 34. Qb6 Rcc8 35. Qa5 a3 {[%mdl 64] Deflection} 36. Qxa3 (36. h4 $17 {keeps fighting.}) 36... Rc7 37. h4 Rcxa7 38. Qb3 (38. Qf3 {was the crucial defense.}) 38... h5 39. Qf3 g6 40. Qb3 Ra5 41. Qc4 Rf5 42. Qb3 Raa5 43. Qc4 Rac5 44. Qb3 Kh7 45. Kg1 $2 (45. Qb2) 45... Rf6 46. Qb2 $2 (46. Qd3) 46... Rf3 47. g4 hxg4 {Black mates.} 48. h5 Rxh5 49. Kg2 Rhf5 50. Kh1 g3 51. Kg1 gxf2+ 52. Kf1 Rg3 {Weighted Error Value: White=0.72/Black=0.31} 0-1

[Event "Caplin British Online-ch Open 2020"]
[Site "Online"]
[Date "2020.12.30"]
[Round "7.4"]
[White "Lalic, Bogdan"]
[Black "Ismail, Mohammed Aayan"]
[Result "1/2-1/2"]
[WhiteElo "2402"]
[BlackElo "1719"]
[Annotator "TA"]
[PlyCount "46"]
[EventDate "2020.12.21"]
[EventType "swiss"]
[EventCountry "NET"]
[SourceTitle "playchess.com"]
[Source "ChessBase"]
[SourceQuality "1"]

{[%evp 17,46,27,27,10,10,17,27,6,2,0,-1,-7,0,0,0,0,18,18,16,10,23,22,26,12,21,24,35,13,20,19,22]} 1. d4 Nf6 2. Nf3 e6 3. g3 b6 4. Bg2 Bb7 5. c4 Bb4+ 6. Bd2 Bxd2+ 7. Qxd2 O-O 8. Nc3 Ne4 9. Nxe4 Bxe4 10. Qf4 {E16: Queen's Indian: 4 g3 Bb7 5 Bg2 Bb4+.} f5 11. O-O d6 12. c5 {White has an edge.} Nc6 13. cxd6 cxd6 14. Rac1 Nb4 15. Qd2 Nd5 ({Not} 15... Nxa2 $2 16. Ra1 $18) 16. Ne1 {[#] f3 is the strong threat.} Bxg2 17. Nxg2 Qd7 18. Nf4 Nxf4 19. Qxf4 Rac8 20. e4 fxe4 21. Qxe4 d5 {[#]} 22. Qe5 $146 ({Predecessor:} 22. Qg4 Rxc1 23. Rxc1 Rc8 24. Rxc8+ Qxc8 25. Kg2 {½-½ (38) Vallejo Pons,F (2707)-Safarli,E (2628) Nakhchivan 2011}) 22... Rxc1 23. Rxc1 {[#] Strongly threatening Rc7.} Rc8 {An uneventful encounter.  Weighted Error Value: White=0.08/Black=0.05} 1/2-1/2

[Event "Caplin British Online-ch Open 2020"]
[Site "Online"]
[Date "2020.12.30"]
[Round "7.5"]
[White "Villiers, Thomas"]
[Black "Cox, Tristan A"]
[Result "0-1"]
[WhiteElo "2161"]
[BlackElo "2141"]
[Annotator "TA"]
[PlyCount "72"]
[EventDate "2020.12.21"]
[EventType "swiss"]
[EventCountry "NET"]
[SourceTitle "playchess.com"]
[Source "ChessBase"]
[SourceQuality "1"]

{[%evp 9,72,4,7,4,11,-5,7,3,2,8,5,6,39,0,0,0,0,0,5,2,-3,-76,-78,-185,-193,-184,-168,-490,-492,-535,-533,-595,-508,-506,-452,-455,-447,-652,-620,-692,-701,-645,-666,-663,-640,-617,-584,-696,-696,-937,-934,-2489,-2416,-6179,-5402,-12794,-6090,-5440,-5440,-5433,-5406,-29988,-29988,-29988,-29987]} 1. c4 e6 2. Nc3 d5 3. e3 Nf6 4. Nf3 b6 5. b3 Bb7 6. Bb2 {A17: English Opening: 1...Nf6 with ...Bb4.} Nbd7 7. Be2 Bd6 8. cxd5 {The position is equal.} exd5 9. Nb5 {[#]} Be7 $146 ({Predecessor:} 9... Bf8 10. Rc1 c5 11. d4 a6 12. Nc3 Bd6 13. Nh4 g6 14. Nf3 O-O 15. O-O Qe7 {0-1 (64) Mujunen,M (1923)-Klaus,E (2218) ICCF email 2017}) 10. Nbd4 c6 11. O-O g6 12. Rc1 Rc8 13. Ng5 O-O 14. f4 c5 15. Nf5 gxf5 $17 {Black converts the advantage convincingly.} 16. Bd3 {[#]} (16. Rf3 $17) 16... d4 $1 $19 {White must now prevent ...Ne4.} 17. Bxf5 h6 18. Nh7 $2 (18. Nf3) 18... Nxh7 19. Qg4+ Kh8 {aiming for ...Rg8.} 20. Bxd7 Rg8 21. Bxc8 {With the idea Qxg8+.} Rxg4 22. Bxg4 Bf6 {...dxe3 is the strong threat.} 23. Bf3 (23. Rcd1 $142) 23... Bxf3 24. Rxf3 dxe3 {[%mdl 64] [#] Discovered Attack} 25. Bxf6+ Nxf6 26. dxe3 Ne4 27. f5 f6 28. Rff1 Qd2 29. Rce1 b5 {[%cal Bb6b5,Bb5c4,Bc4c3,Bc3c2][%mdl 32]} 30. Kh1 c4 31. bxc4 bxc4 32. Rb1 c3 33. Rb8+ Kg7 34. Rfb1 Nd6 35. Ra8 c2 {[%cal Rc2b1]} 36. Rxa7+ Nf7 {[%cal Rc2b1] Weighted Error Value: White=1.10/Black=0.07} 0-1

[Event "Caplin British Online-ch Open 2020"]
[Site "Online"]
[Date "2020.12.30"]
[Round "7.6"]
[White "Finn, Peter"]
[Black "O`Gorman, Tom"]
[Result "1/2-1/2"]
[WhiteElo "1959"]
[BlackElo "2368"]
[Annotator "TA"]
[PlyCount "104"]
[EventDate "2020.12.21"]
[EventType "swiss"]
[EventCountry "NET"]
[SourceTitle "playchess.com"]
[Source "ChessBase"]
[SourceQuality "1"]

{[%evp 13,104,17,17,19,18,14,24,14,24,4,44,-37,31,-38,-38,-106,-80,-77,-29,-25,-23,-23,-24,-27,-27,-29,-12,-7,-6,0,7,-6,8,0,37,-29,-25,-25,-25,-45,-49,-55,-47,-25,133,135,162,31,52,54,83,50,54,0,0,0,0,-24,0,-5,0,0,0,0,0,0,0,0,0,0,0,0,0,0,0,0,0,0,17,0,10,11,11,0,0,0,0,0,0,0,0,0,0]} 1. e4 c5 2. Nf3 d6 3. d4 cxd4 4. Nxd4 Nf6 5. f3 e5 6. Nb3 Be7 {6...d5 is becoming the main line.} 7. c4 O-O 8. Be3 {B55: Sicilian: 2...d6 3 d4 cxd4 4 Nxd4 Nf6 5 f3.} Be6 9. Nc3 a5 10. Bd3 {[#] White has an edge.} Nh5 $146 ({Predecessor:} 10... Na6 11. O-O Rc8 12. Nd5 a4 13. Nxe7+ Qxe7 14. Nd2 Nc5 15. Be2 Nfd7 16. b4 axb3 17. axb3 {1-0 (34) Oleksienko,M (2608)-Nguyen,T (2442) Czech Republic 2017}) 11. O-O Nd7 12. Na4 (12. Nc1 $14) 12... g6 (12... Bg5 $15 13. Bf2 Nf4) 13. c5 ({Better is} 13. Re1 $14) 13... dxc5 $15 {[#] ...c4 is the strong threat.} 14. Nbxc5 (14. Bb5 $15) 14... Nxc5 $17 15. Nxc5 Qb6 16. Qc1 {With the idea Nd7!} Rac8 {[%cal Re7c5]} 17. Nxe6 Qxe6 18. Qd2 Rfd8 19. Rfd1 Nf4 20. Bxf4 exf4 21. Qxa5 Rc5 22. Qa4 b5 (22... Qb6 $5 23. Kh1 $8 Qxb2 $11) 23. Qb3 ({Avoid the trap} 23. Bxb5 $2 Qb6 $19) 23... Qf6 24. Be2 ({Don't blunder} 24. Bxb5 $2 Qb6 $19) (24. Kh1 $14) 24... Rh5 25. h3 $1 Rxd1+ 26. Rxd1 Qb6+ 27. Kh1 Qf2 $1 {[%mdl 1024] [#] White must now prevent ...Rg5. Black has compensation.} 28. Qc2 $1 Bc5 $2 (28... Rg5 $11 29. Bd3 Rxg2 30. Qxf2 Rxf2) 29. Rf1 $16 Qe3 30. Qd3 (30. Bxb5 $18 {And now Bc4 would win.} Kg7 31. Bd3) 30... Bd4 31. Qxe3 fxe3 $14 {[%mdl 4096] Endgame KRB-KRB} 32. Rd1 (32. b4 {looks sharper.} Re5 33. Rc1 Bb2 34. Rb1 Bc3 35. Rb3) 32... Bxb2 33. Rd5 (33. Rb1 $14 Ba3 34. Rxb5 (34. Bxb5 Rxb5 35. Rxb5 e2 $17)) 33... Rxd5 $11 34. exd5 {KB-KB} b4 35. Kg1 Kf8 36. Kf1 {The position is equal.} Ke7 37. Bc4 Kd6 38. Ke2 Bd4 39. Kd3 Bc5 40. Bb3 Ke5 41. d6 Kxd6 42. Bxf7 Ke5 43. g3 Kf5 44. Ke2 h5 45. Be8 Kg5 46. Bf7 Kh6 47. f4 g5 48. fxg5+ Kxg5 49. Be8 Bb6 50. Bf7 h4 51. gxh4+ Kxh4 52. Be6 Kg3 {Weighted Error Value: White=0.19/Black=0.17} 1/2-1/2

[Event "Caplin British Online-ch Open 2020"]
[Site "Online"]
[Date "2020.12.30"]
[Round "7.7"]
[White "Grieve, Harry"]
[Black "Volovich, Julia"]
[Result "1-0"]
[WhiteElo "2351"]
[BlackElo "1674"]
[Annotator "TA"]
[PlyCount "67"]
[EventDate "2020.12.21"]
[EventType "swiss"]
[EventCountry "NET"]
[SourceTitle "playchess.com"]
[Source "ChessBase"]
[SourceQuality "1"]

{[%evp 11,67,14,27,0,0,0,0,0,0,4,0,-2,5,5,23,0,23,0,14,-4,29,0,162,158,320,321,462,446,446,393,422,402,416,356,1204,1218,1222,1204,1454,1451,1427,1389,1339,1170,1831,775,1155,608,594,594,691,690,653,679,653,645,715,630]} 1. e4 e6 2. d4 d5 3. Nd2 c5 4. exd5 exd5 5. Ngf3 Nf6 6. Bb5+ Bd7 7. Be2 {C08: French Tarrasch: 3...c5 4 exd5 exd5 sidelines.} Nc6 8. O-O cxd4 9. Nb3 {The position is equal.} Bd6 {[#]} 10. Bg5 $146 ({Predecessor:} 10. Nbxd4 a6 11. c3 O-O 12. h3 Qc7 13. Be3 Ne4 14. Nb3 Be6 15. Bd3 f5 16. Ng5 Nxg5 17. Bxg5 {½-½ (28) Berchtold,A (2005)-Sprenger,W (1780) Wattens 1997}) 10... O-O 11. Nbxd4 a6 12. c3 Re8 13. Bh4 Bg4 14. Qd3 Re4 15. Bg3 Nh5 (15... Bxg3 {looks sharper.} 16. hxg3 Re7 17. Qc2 Qa5 18. Bd3 Rae8) 16. Bxd6 {[%mdl 64] Bg3 is the strong threat. Overworked Piece} Qxd6 {[#]} (16... Nxd4 $1 $11 {and Black stays safe.} 17. Nxd4 Bxe2 18. Nxe2 Qxd6) 17. Ng5 $1 $18 {And now Bxg4 would win.} Nxd4 $2 {Black cannot hold the game after this.} (17... Qg6 $16 {is a better defense.} 18. Nxe4 dxe4) 18. Bxg4 Rxg4 (18... Nf6 $142) 19. Qxh7+ {[%mdl 64] Double Attack} Kf8 20. Qxh5 {[%csl Gg5][%cal Rh5f7]} Ne2+ 21. Kh1 {[%csl Gg5][%cal Rh5f7]} Qf4 {Black wants to play ...Rh4.} 22. Nh3 Qc4 (22... Qe4 23. f3 Rh4 24. fxe4 Rxh5) 23. Qh8+ {White is clearly winning.} Ke7 24. Qxa8 Rxg2 25. Qxb7+ (25. Kxg2 $2 Qg4+ 26. Kh1 Qf3#) 25... Kf6 26. Qb6+ (26. Kxg2 $2 Qg4+ 27. Kh1 Qf3#) 26... Kf5 27. Qe3 (27. Kxg2 $2 {gets mated.} Qg4+ 28. Kh1 Qf3#) 27... Qg4 28. Rg1 Nxg1 29. Rxg1 Rxg1+ 30. Nxg1 Qc4 31. b3 Qe4+ 32. Qxe4+ Kxe4 33. Ne2 Kf3 {[#]} 34. c4 $1 {Weighted Error Value: White=0.44/Black=0.51} 1-0

[Event "Caplin British Online-ch Open 2020"]
[Site "Online"]
[Date "2020.12.30"]
[Round "7.8"]
[White "Tanmay Chopra"]
[Black "Balaji, Aaravamudhan"]
[Result "1-0"]
[WhiteElo "2273"]
[BlackElo "2206"]
[Annotator "RC"]
[PlyCount "89"]
[EventDate "2020.12.21"]
[EventType "swiss"]
[EventCountry "NET"]
[SourceTitle "playchess.com"]
[Source "ChessBase"]
[SourceQuality "1"]

1. d4 {[%emt 0:00:00]} Nf6 {[%emt 0:00:00]} 2. c4 {[%emt 0:00:00]} g6 {[%emt 0:00:00]} 3. Nc3 {[%emt 0:00:00]} Bg7 {[%emt 0:00:00]} 4. e4 {[%emt 0:00:00]} d6 {[%emt 0:00:00]} 5. h3 {[%emt 0:00:00]} O-O {[%emt 0:00:00]} 6. Be3 {[%emt 0:00:00]} Na6 {[%emt 0:00:00]} 7. Nf3 {[%emt 0:00:00]} e5 {[%emt 0:00:00]} 8. d5 {[%emt 0:00:00]} Nh5 {[%emt 0:04:06]} 9. Nd2 {[%emt 0:00:00]} Qe8 {[%emt 0:01:26]} 10. g3 {[%emt 0:02:05]} f5 {[%emt 0:03:31]} 11. exf5 {[%emt 0:00:26]} gxf5 {[%emt 0:00:00]} 12. Be2 {[%emt 0:00:01]} Nf6 {[%emt 0:00:32]} 13. Bg5 {[%emt 0:06:14]} Bd7 {[%emt 0:10:50]} 14. g4 {[%emt 0:02:05]} Nc5 {[%emt 0:01:47]} 15. Be3 {[%emt 0:01:21]} Nfe4 {[%emt 0:07:37]} 16. Ndxe4 {[%emt 0:02:46]} Nxe4 {[%emt 0:00:03]} 17. Nxe4 {[%emt 0:00:07]} fxe4 {[%emt 0:00:00]} 18. Qc2 {[%emt 0:00:13]} Rf4 {[%emt 0:02:37]} 19. O-O-O {[%emt 0:01:53]} Ba4 {[%emt 0:03:05]} 20. b3 {[%emt 0:00:05]} Bd7 {[%emt 0:00:01]} 21. Rde1 {[%emt 0:00:33]} c6 {[%emt 0:01:59]} 22. dxc6 {[%emt 0:00:57]} Bxc6 {[%emt 0:03:37]} 23. Rd1 {[%emt 0:01:00]} Bf8 {[%emt 0:01:42]} 24. Kb1 {[%emt 0:00:29]} Qf7 {[%emt 0:01:43]} 25. Rhf1 {[%emt 0:00:14]} Be7 {[%emt 0:01:40]} 26. Bxf4 {[%emt 0:12:22]} exf4 {[%emt 0:00:37]} 27. f3 {[%emt 0:00:02]} Re8 {[%emt 0:03:32]} 28. fxe4 {[%emt 0:00:22]} Bf8 {[%emt 0:00:30]} 29. Bd3 {[%emt 0:00:53]} Bg7 {[%emt 0:00:09]} 30. Rf3 {[%emt 0:00:23]} Qf6 {[%emt 0:00:24]} 31. Kc1 {[%emt 0:00:02]} Qa1+ {[%emt 0:00:17]} 32. Kd2 {[%emt 0:00:54]} Qd4 {[%emt 0:00:02]} 33. Ke2 {[%emt 0:01:35]} Be5 {[%emt 0:00:12]} 34. Kf1 {[%emt 0:02:00]} Qc5 {[%emt 0:00:19]} 35. Qd2 {[%emt 0:00:47]} Rf8 {[%emt 0:00:21]} 36. b4 {[%emt 0:01:15]} Qb6 {[%emt 0:00:47]} 37. b5 {[%emt 0:00:01]} Bd7 {[%emt 0:00:08]} 38. Qf2 {[%emt 0:01:06]} Bd4 {[%emt 0:00:14]} 39. Qh4 {[%emt 0:00:01]} Qc5 {[%emt 0:00:10]} 40. e5 {[%emt 0:02:47]} Rf7 {[%emt 0:00:03]} 41. Qg5+ {[%emt 0:00:02]} Kf8 {[%emt 0:00:39]} 42. Rxf4 {[%emt 0:00:22]} Be6 {[%emt 0:00:07]} 43. Rxf7+ {[%emt 0:00:36]} Kxf7 {[%emt 0:00:12]} 44. Qf6+ {[%emt 0:00:01]} Kg8 {[%emt 0:00:10]} 45. Qxe6+ {[%emt 0:00:01]} 1-0

[Event "Caplin British Online-ch Open 2020"]
[Site "Online"]
[Date "2020.12.30"]
[Round "7.9"]
[White "Blackburn, Jonathan L B"]
[Black "Wille, Thomas"]
[Result "1-0"]
[WhiteElo "2235"]
[BlackElo "2048"]
[Annotator "TA"]
[PlyCount "133"]
[EventDate "2020.12.21"]
[EventType "swiss"]
[EventCountry "NET"]
[SourceTitle "playchess.com"]
[Source "ChessBase"]
[SourceQuality "1"]

{[%evp 13,132,10,46,38,31,39,28,24,35,32,41,32,29,37,27,25,32,14,30,0,0,0,0,-9,11,-19,39,37,59,65,71,43,48,28,34,29,45,34,103,110,112,84,96,97,116,113,115,100,123,122,131,84,98,85,107,16,16,0,63,60,67,45,151,151,151,143,151,137,137,137,151,151,319,321,375,451,440,371,456,472,555,555,872,476,373,365,1381,503,513,480,482,0,460,0,457,448,410,385,396,405,673,660,820,747,596,597,1576,1560,2820,2882,2343,2380,5073,1826,29979,4364,1655,0,29979,29980,29999]} 1. d4 d5 2. c4 c6 3. Nf3 Nf6 4. Nc3 e6 5. Bg5 Nbd7 6. e3 Qa5 7. cxd5 Nxd5 8. Rc1 {D52: Queen's Gambit Declined: Cambridge Springs Variation.} Nxc3 9. bxc3 Ba3 10. Rc2 {White has an edge.} b6 11. Bd3 Ba6 12. O-O Bxd3 13. Qxd3 O-O 14. c4 Rfe8 15. Bf4 {[#]} Bf8 $146 ({Predecessor:} 15... Be7 16. e4 Rad8 17. Rd1 Qa6 18. h3 Nf8 19. Bg3 Ng6 20. Qb3 Rd7 21. d5 Bc5 {½-½ (54) Brynell,S (2484)-Stern,R (2499) Rostock 2013}) 16. e4 Rad8 17. e5 h6 18. Rd1 b5 19. Bd2 bxc4 (19... b4 $11) 20. Qxc4 $14 Qd5 21. Qxc6 Nb6 22. Qxd5 Nxd5 23. Rb2 Rb8 24. Rdb1 Rxb2 25. Rxb2 Nb6 ({Black should try} 25... Rc8 $14) 26. Kf1 $16 g5 27. h3 Rc8 28. Ke2 $1 Kg7 29. Kd3 Kg6 30. Nh2 Nd5 31. g3 Rc6 32. Ng4 Ra6 {[#]} 33. Ne3 $1 Ra3+ 34. Kc2 (34. Rb3 $16) 34... Nb6 $1 $11 35. Kb1 Ra4 (35... Rd3 $11) 36. Bc3 $14 h5 37. Rb5 Nc4 {Black is on the road to losing.} (37... h4 $14) 38. Nxc4 $16 Rxc4 {[%mdl 4096] Endgame KRB-KRB} 39. Kb2 Rc7 40. Rb8 Be7 41. g4 hxg4 42. hxg4 f5 $2 {[#]} (42... f6 $16) 43. f3 $1 $18 Ba3+ 44. Kb3 ({Weaker is} 44. Kxa3 Rxc3+ 45. Kb4 Rxf3 $16) 44... Bc1 45. a4 {[%cal Ba2a4,Ba4a5][%mdl 32]} fxg4 46. fxg4 Kf7 47. a5 Ke7 48. Rh8 Kd7 49. Kc2 {Hoping for Rh7+.} Bf4 $2 (49... Ba3 50. Kd3 Be7) 50. Kd3 (50. Rh7+ $142 Kc6 51. Rh8) 50... Kc6 51. Re8 Kd7 52. Rh8 Kc6 $1 53. Re8 Kd7 54. Rg8 Kc6 55. Bd2 Bxd2 56. Kxd2 {KR-KR} Kd5 (56... Rb7 $142 57. Ke3 (57. Rxg5 Kd5 $18) 57... Rb5 58. Rxg5 Rxa5) 57. Kd3 Rf7 {intending ...Rf3+.} 58. Rd8+ Kc6 59. Rd6+ {[%mdl 64] Double Attack} Kc7 60. Rxe6 Rf4 61. Re7+ Kc6 62. Rxa7 Rxg4 63. Rg7 (63. Kc4 $142 Rf4 64. Rg7) 63... Rg3+ 64. Ke4 (64. Kc4 $142 Rg4 65. a6 Rg1 66. d5+ Kb6 67. a7 Rg4+ 68. Kd3 Rg3+ 69. Ke4 Rg4+ 70. Ke3 Rg3+ 71. Kf2) 64... Rg4+ 65. Kd3 (65. Kf5 $18 Rxd4 66. a6) 65... Rg3+ $1 66. Kc4 {[%csl Gc4][%cal Rd4d5]} Ra3 67. d5# {Weighted Error Value: White=0.44/Black=0.25} 1-0

[Event "Caplin British Online-ch Open 2020"]
[Site "Online"]
[Date "2020.12.30"]
[Round "7.10"]
[White "Hebden, Mark L"]
[Black "Goss, Alex"]
[Result "1-0"]
[WhiteElo "2453"]
[BlackElo "1833"]
[Annotator "TA"]
[PlyCount "97"]
[EventDate "2020.12.21"]
[EventType "swiss"]
[EventCountry "NET"]
[SourceTitle "playchess.com"]
[Source "ChessBase"]
[SourceQuality "1"]

{[%evp 9,97,10,14,33,31,34,52,57,100,104,136,131,125,130,141,88,109,99,115,103,124,122,148,144,195,106,185,-2,-7,-120,-17,0,-62,-71,-54,-320,-171,-167,-148,-146,-114,-117,-106,-82,-42,-151,-150,-142,-122,-135,-135,-123,-120,-132,-16,-289,-289,-343,-73,-85,-75,-57,-141,-95,-127,-252,-245,-484,532,579,592,592,592,592,592,592,850,839,29986,29987,29987,29988,29987,29988,29991,29992,29994,29993,29995,29996]} 1. d4 Nf6 2. Nc3 d5 3. Bf4 c5 4. e3 a6 5. dxc5 Nc6 6. a3 {D00: 1 d4 d5: Unusual lines.} e5 7. Bg5 d4 8. exd4 {White is slightly better.} exd4 {[#]} 9. Ne4 {[%mdl 64] Pin} Qd5 (9... h6 10. Bxf6) 10. Nxf6+ gxf6 11. Bxf6 Rg8 {[#]} 12. Nf3 $146 ({Better is} 12. Qf3 Qe6+ 13. Be2) ({Predecessor:} 12. Qf3 Qxc5 13. O-O-O Bh6+ 14. Kb1 Bg4 15. Qe4+ Kf8 16. Qxh7 Bf4 17. Qd3 Rc8 18. g3 {½-½ (29) Nakamura,H (2775)-Fressinet,L (2717) Dubai 2014}) 12... Bxc5 $16 13. Bh4 Bg4 14. Be2 $1 Qe4 15. Bg3 O-O-O 16. O-O f5 (16... Qd5 $16 17. Qd2 Bd6) 17. Bd3 (17. Re1 $18 {aiming for Bc4.} Qd5 18. b4) 17... Qd5 (17... Qe6 $16 {keeps fighting.}) 18. Kh1 $2 (18. Qd2 $18) 18... f4 $1 $11 {[%cal Rf4g3]} 19. Bh4 (19. Bxh7 $2 Rg7 $19) (19. Bxf4 $11 Rdf8 20. Bg3 (20. Bxh7 $2 Rg7 $19) 20... Rxf3 21. Be2 {[%mdl 64] Pin} Rxg3 22. fxg3) 19... Rde8 (19... Rd6 $1 $17 20. b4 (20. Bxh7 $2 Rh8 $19) 20... Bb6) 20. h3 (20. Bxh7 $2 Rh8 $19) 20... Bh5 {And now ...Ne5 would win.} 21. c4 (21. Bxh7 $2 Rh8 $19) 21... dxc3 $1 22. Bxh7 $2 {[%mdl 8192]} (22. bxc3 $15 Rxg2 23. Kxg2 Rg8+ 24. Bg3 Bxf2 {[%mdl 64] Remove Defender} 25. Rxf2 Rxg3+ 26. Kh2 Bxf3 27. Rxf3 Qxf3 28. Qxf3 Rxf3 29. Bxh7) 22... Bxf3 (22... Nd4 $142 23. Bxg8 Rxg8 24. bxc3 Rxg2 $3 {[%mdl 576] Remove Defender} 25. Kxg2 (25. cxd4 $2 Bxf3 26. Qd3 Rxf2+ 27. Kg1 Bxd4 $19) 25... Bxf3+ 26. Kh2 Bxd1 27. cxd4 Be2 28. dxc5 Bxf1 29. Rxf1 Qxc5) 23. Qxf3 $19 Qxf3 24. gxf3 cxb2 $40 {[%mdl 128] Black goes for the king.} 25. Rab1 Rh8 ({Inferior is} 25... Bxa3 26. Bxg8 Rxg8 27. Bf6 $16) 26. Bf5+ Kb8 27. Bg5 (27. Bf6 $1 $15) 27... Ref8 $17 28. Bg4 Rhg8 29. h4 Bxa3 30. Rfd1 Ne5 31. Rd4 b5 ({Black should play} 31... Ka8 $17 {Threatening ...Rg6.} 32. Kg2 Nxg4 33. fxg4 Rc8) 32. Rxf4 $2 {[%mdl 8192]} (32. Bxf4 $11 Rxf4 33. Rxf4) 32... Nxg4 $19 33. fxg4 Kb7 $2 (33... Rc8 $1 $19 {[%cal Rc8c1] and Black stays clearly on top. ...Rc1+ is the strong threat.} 34. Rd4 Rc1+ 35. Bxc1 bxc1=Q+ 36. Rxc1 Bxc1) 34. Rxf8 $17 Rxf8 {[%mdl 4096] Endgame KRB-KRB} 35. Kg2 Kc6 36. h5 Kd5 $1 {[%cal Rd5d4] Threatens to win with ...Kd4.} 37. h6 (37. Bh6 $17 {might work better.} Rg8 38. g5) 37... Kc4 $1 $19 38. h7 $2 {[#]} (38. Be3 Kd3 39. Rd1+ Kc2 40. Rd2+ Kb3 41. Rd1) 38... Kb3 $4 {[%mdl 8192] [#]} (38... Rh8 $1 $19 39. Bf6 Rxh7 40. Bxb2 Bxb2 41. Rxb2 b4) 39. Bf6 $1 $18 {[%mdl 512]} Kc2 {[#]} (39... Rxf6 40. h8=Q) 40. Rxb2+ {[%mdl 512]} Bxb2 41. Bxb2 Kxb2 {KR-K3P} 42. g5 a5 43. g6 {Black must now prevent g7.} a4 44. g7 {White mates.} Re8 45. h8=Q Rxh8 46. gxh8=Q+ Kb1 47. Qc3 Ka2 48. Kf1 a3 49. Ke2 {Weighted Error Value: White=0.48/Black=0.47} 1-0